000 01213nab a2200205 i 4500
001 768714001
003 CO-MdFUSB
005 20240506100021.0
008 240430t1965 sp ||||| |||| 00| 0 spa d
040 _bspa
_cCO-MdFUSB
_dCO-MdFUSB
041 _aspa
100 _aRemy, Jean,
_eautor
245 _aEstado actual de la sociología aplicada a la pastoral
_c/ Jean Remy
520 _aPara desarrollar y cultivar la sociología de la religión, debe producirse un diálogo entre sacerdotes y teólogos para abordar las cuestiones pastorales actuales. Sin duda, los sociólogos deben ser conscientes de sus límites, pero los teólogos también deben hacer un esfuerzo. Deben ser capaces de dialogar, de comprender el lenguaje y la actitud mental propios de las ciencias positivas y especialmente de las humanidades, caracterizados por la observación sistemática y una base inductiva..
650 7 _aTeología pastoral
_9227
650 0 _aSociología de la cultura
_95
773 0 _049450
_982562
_oR2493
_tRevista internacional de teología Concilium
_w(CO-MdFUSB)8
_x0210-1041
_gNúmero 3, (marzo, 1965), páginas: 97 - 123
_qpágina: 97
942 _cANA
945 _aCatherine Arias Álvarez practicante SENA
999 _c69452
_d69452